<?xml version="1.0" encoding="UTF-8"?>
<collection xmlns="http://www.loc.gov/MARC21/slim">
 <record>
  <leader>01456nam a2200217Ia 4500</leader>
  <controlfield tag="001">TDMU_41572</controlfield>
  <controlfield tag="008">210410s9999    xx            000 0 und d</controlfield>
  <datafield tag="082" ind1=" " ind2=" ">
   <subfield code="a">786.2</subfield>
  </datafield>
  <datafield tag="090" ind1=" " ind2=" ">
   <subfield code="b">Đ312</subfield>
  </datafield>
  <datafield tag="100" ind1=" " ind2=" ">
   <subfield code="a">Đinh, Phi Hổ</subfield>
  </datafield>
  <datafield tag="245" ind1=" " ind2="0">
   <subfield code="a">Đảm bảo an toàn, vệ sinh lao động khi làm việc trên cao</subfield>
  </datafield>
  <datafield tag="245" ind1=" " ind2="0">
   <subfield code="b">Sách in kèm Ebook</subfield>
  </datafield>
  <datafield tag="245" ind1=" " ind2="0">
   <subfield code="c">Bùi Thanh Giang</subfield>
  </datafield>
  <datafield tag="260" ind1=" " ind2=" ">
   <subfield code="a">H.</subfield>
  </datafield>
  <datafield tag="260" ind1=" " ind2=" ">
   <subfield code="b">Thông tin và Truyền thông</subfield>
  </datafield>
  <datafield tag="260" ind1=" " ind2=" ">
   <subfield code="c">2019</subfield>
  </datafield>
  <datafield tag="300" ind1=" " ind2=" ">
   <subfield code="a">202tr.</subfield>
  </datafield>
  <datafield tag="520" ind1=" " ind2=" ">
   <subfield code="a">Trình bày kiến thức cơ bản về đảm bảo an toàn, vệ sinh lao động, chăm sóc sức khoẻ người lao động khi làm việc trên cao: Những vấn đề chung; điều kiện lao động, chế độ an toàn đối với công nhân làm việc ở cột cao; các biện pháp bảo đảm an toàn khi làm việc trên cao; quản lý, chăm sóc sức khoẻ đối với công nhân cột cao; an toàn khi làm việc trên cao gần các anten phát sóng điện từ; an toàn khi làm việc trên cao trong lĩnh vực điện và xây dựng</subfield>
  </datafield>
  <datafield tag="650" ind1=" " ind2=" ">
   <subfield code="a">An toàn lao động</subfield>
   <subfield code="x">Làm việc trên cao; Vệ sinh lao động</subfield>
   <subfield code="x">Làm việc trên cao</subfield>
  </datafield>
  <datafield tag="856" ind1=" " ind2=" ">
   <subfield code="u">http://lrc.tdmu.edu.vn/opac/search/detail.asp?aID=2&amp;ID=41572</subfield>
  </datafield>
  <datafield tag="980" ind1=" " ind2=" ">
   <subfield code="a">Trung tâm Học liệu Trường Đại học Thủ Dầu Một</subfield>
  </datafield>
 </record>
</collection>
